|
|
|
|
| LEADER |
01067nam a22003377a 4500 |
| 001 |
29597 |
| 003 |
BD-DhAAL |
| 005 |
20150816163540.0 |
| 008 |
150809s1988 bg ||||| |||| 00| 0 eng d |
| 040 |
|
|
|a BD-DhAAL
|c BD-DhAAL
|
| 082 |
|
|
|2 22
|a 362.7095492
|
| 999 |
|
|
|c 35249
|d 35249
|
| 999 |
|
|
|c 35181
|
| 999 |
|
|
|c 35181
|
| 999 |
|
|
|c 35168
|
| 999 |
|
|
|c 34994
|
| 999 |
|
|
|c 34994
|
| 999 |
|
|
|c 34994
|
| 999 |
|
|
|c 34994
|
| 999 |
|
|
|c 34994
|
| 999 |
|
|
|c 34988
|
| 245 |
|
|
|a Child survival programme : annual report January-June, 1988
|
| 260 |
|
|
|a Dhaka :
|b Bangladesh Rural Advancement Committee,
|c 1988
|
| 300 |
|
|
|a 31 pages :
|c 34 cm.
|
| 541 |
|
|
|e 29597
|
| 610 |
|
|
|a BRAC
|9 13841
|
| 650 |
|
|
|a Child health services
|9 7235
|z Bangladesh
|
| 710 |
|
|
|a Bangladesh Rural Advancement Committee,
|b , Research and Evaluation Division,
|9 12971
|
| 852 |
|
|
|a Ayesha Abed Library
|b General Stacks
|
| 942 |
|
|
|2 ddc
|c BK
|
| 952 |
|
|
|0 0
|1 0
|2 ddc
|4 0
|6 362_709549200000000_ANN
|7 0
|9 55273
|a BRACUL
|b BRACUL
|c GEN
|d 2015-08-16
|l 0
|o 362.7095492 ANN
|p 3010029597
|r 2015-08-16
|t 1
|w 2015-08-16
|y BK
|